| 000 | 00845nam a22002297a 4500 | ||
|---|---|---|---|
| 005 | 20170124110111.0 | ||
| 010 | _aA-408587 | ||
| 020 | _c50.00 | ||
| 035 | _aA-408587 | ||
| 037 | _bCen Lib/Ret | ||
| 040 |
_aDPL _bEN |
||
| 082 |
_a907.2 _bSAR |
||
| 100 |
_aSarkar, Jagadish Narayan _929043 |
||
| 245 |
_aHistory of history writing in medieval India : _cby Jagadish Narayan Sarkar _bcontemporary historians : an introduction to medieval Indian historiography / |
||
| 260 |
_aCalcutta _bRatna Prakashan _c1977 |
||
| 270 |
_a14/1, Peary Mohan Roy Road _bCalcutta _e700027 |
||
| 300 |
_axix,195p. _c22cm(Hb) |
||
| 500 | _aIncludes bibliographical references and index | ||
| 650 |
_aMiddle Ages -- Historiography _929044 |
||
| 650 |
_aIndia -- History -- 1000-1765 -- Historiography _929045 |
||
| 942 |
_2ddc _cEN _h907.2 _mSAR |
||
| 999 |
_c130376 _d130376 |
||